|
|
|
|
| LEADER |
00000cam a2200000 7i4500 |
| 001 |
0000004048 |
| 002 |
000004358 |
| 005 |
20020813.0 |
| 020 |
|
|
|a 9676522287
|
| 090 |
0 |
0 |
|a 411.03
|b OXF
|
| 100 |
1 |
|
|a McGough, Roger
|
| 245 |
0 |
4 |
|a The Oxford ABC picture dictionary
|c Roger McGough ; illustrated by Debi Gliori
|
| 260 |
|
|
|a Kuala Lumpur :
|b Fajar Bakti ,
|c 1993
|
| 300 |
|
|
|a p.v. :
|b ill. ;
|c 28 cm.
|
| 650 |
0 |
0 |
|a Alphabets
|x Picture dictionary
|x Juvenile literature
|
| 700 |
1 |
|
|a Gliori, Debi ,
|e illustrated
|
| 999 |
|
|
|a 037263
|b BUKU
|c JUNIOR REFERENCE
|e PERPUSTAKAAN KOMUNITI PETALING JAYA
|
| 999 |
|
|
|a 135175
|b BUKU
|c JUNIOR REFERENCE
|e PERPUSTAKAAN KOMUNITI CAW KOTA DAMANSARA
|
| 999 |
|
|
|a 135177
|b BUKU
|c JUNIOR BOOKS
|e PERPUSTAKAAN KOMUNITI PETALING JAYA
|
| 999 |
|
|
|a 135178
|b BUKU
|c JUNIOR BOOKS
|e PERPUSTAKAAN KOMUNITI PETALING JAYA
|